000 00496nam a22001697a 4500
005 20251108165813.0
008 250721s1995 xx 000 0 ara d
082 1 4 _aم/503/موس
245 1 0 _aالموسوعة العلمية /
264 1 _aبيروت :
_bدار نشر نوبيليس،
_c1995.
300 _a11مج المجلد 11 عبارة عن فهرس عام
650 1 7 _aالعلوم
650 1 7 _aالموسوعات
650 1 7 _aالعلم
942 _2ddc
_cREF
999 _c31722
_d31722